Państwa położone najbliżej USA. - Statystyki

Ogólne statystyki
  • Ten quiz został rozwiązany 201 razy
  • Średni wynik to 16 z 22
Statystyki odpowiedzi
Dystans Państwo % Poprawnych
0 mi Kanada
99%
0 mi Meksyk
98%
93 mi Kuba
94%
1044 mi Panama
84%
608 mi Honduras
79%
579 mi Haiti
78%
953 mi Kostaryka
78%
653 mi Gwatemala
77%
2 mi Rosja
77%
1053 mi Kolumbia
76%
53 mi Bahamy
75%
665 mi Dominikana
75%
471 mi Jamajka
75%
578 mi Belize
73%
1121 mi Wenezuela
72%
671 mi Nikaragua
70%
844 mi Salwador
68%
1366 mi Japonia
58%
1311 mi Antigua i Barbuda
50%
1248 mi Saint Kitts i Nevis
50%
1342 mi Francja (Gwadelupa)
41%
1035 mi Kiribati
27%
Nie znaleziono quizów pasujących do podanych kryteriów
Rozkład punktacji
Procent ludzi z każdym wynikiem
Percentyl według liczby udzielonych odpowiedzi
Twoja historia wyników
Nie rozwiązałeś tego quizu